[Event "Hannover-chC"]
[Site "Lehrte"]
[Date "2015.10.30"]
[Round "3"]
[White "Schulz, Daniel"]
[Black "Daemmig, Matthias"]
[Result "1/2-1/2"]
[WhiteElo "1915"]
[BlackElo "2072"]
[PlyCount "134"]
[EventDate "2015.10.29"]
[EventType "swiss"]
[EventRounds "7"]
[EventCountry "GER"]
[SourceTitle "EXT 2021"]
[Source "ChessBase"]
[SourceDate "2020.10.23"]
[SourceVersion "1"]
[SourceVersionDate "2020.10.23"]
[SourceQuality "1"]

1. Nf3 Nf6 2. c4 g6 3. g3 Bg7 4. Bg2 0-0 5. 0-0 c5 6. Nc3 d6 7. a3 Nc6 8. Rb1 Bf5 9. d3 Qd7 10. b4 Ng4 11. Bd2 Rab8 12. bxc5 dxc5 13. Ng5 Rfd8 14. Nge4 b6 15. Nd5 e6 16. Ndc3 Nf6 17. Bg5 Bxe4 18. Nxe4 Nxe4 19. Bxe4 f6 20. Bf4 e5 21. Bd5+ Kh8 22. Bd2 h6 23. a4 a5 24. Bxc6 Qxc6 25. Rb5 e4 26. Qb3 exd3 27. exd3 Qf3 28. Be3 f5 29. Rxb6 Rxb6 30. Qxb6 Rxd3 31. Qxg6 Rd1 32. Qe8+ Kh7 33. Rxd1 Qxd1+ 34. Kg2 Qc2 35. Qe6 Qd3 36. Bxc5 f4 37. Qd5 f3+ 38. Qxf3 Qxc4 39. Qf5+ Kg8 40. Qc8+ Kh7 41. Qf5+ Kg8 42. h4 Qxa4 43. Qe6+ Kh7 44. Qf5+ Kg8 45. Kh3 Qb5 46. Qe6+ Kh7 47. Qf5+ Kg8 48. h5 a4 49. Qe6+ Kh8 50. Be3 Qxh5+ 51. Kg2 a3 52. Bc1 Qa5 53. Qe8+ Kh7 54. Qe4+ Kg8 55. Qe8+ Bf8 56. Qg6+ Kh8 57. Bxh6 Qd5+ 58. Kh2 Qf3 59. Be3 Bg7 60. Qe8+ Kh7 61. Qa4 Bf8 62. Qd7+ Bg7 63. Bd4 Qh5+ 64. Kg2 Qg6 65. Bxg7 Qxg7 66. Qd3+ Kh8 67. Qxa3 Qd4 1/2-1/2

[Event "Hannover-chC"]
[Site "Lehrte"]
[Date "2015.10.29"]
[Round "1"]
[White "Schoenfeld, Dietmar"]
[Black "Daemmig, Matthias"]
[Result "0-1"]
[WhiteElo "1798"]
[BlackElo "2072"]
[PlyCount "106"]
[EventDate "2015.10.29"]
[EventType "swiss"]
[EventRounds "7"]
[EventCountry "GER"]
[SourceTitle "EXT 2021"]
[Source "ChessBase"]
[SourceDate "2020.10.23"]
[SourceVersion "1"]
[SourceVersionDate "2020.10.23"]
[SourceQuality "1"]

1. e4 c5 2. Nf3 a6 3. d4 cxd4 4. Nxd4 Nf6 5. Nc3 e5 6. Nb3 Bb4 7. Bd3 d5 8. exd5 Nxd5 9. 0-0 Nxc3 10. bxc3 Bxc3 11. Ba3 Bxa1 12. Qxa1 Nc6 13. Rd1 Qc7 14. f4 Bg4 15. Re1 f6 16. fxe5 fxe5 17. Qc3 0-0-0 18. Bc5 g6 19. Nd2 Bf5 20. Ne4 Qa5 21. Qxa5 Nxa5 22. Nd6+ Kc7 23. Nf7 Bxd3 24. cxd3 Rd5 25. Nxh8 Rxc5 26. Nf7 Nc6 27. Ng5 Rc2 28. Nxh7 Kd6 29. a4 Nb4 30. Re3 Rd2 31. Rg3 Nxd3 32. h4 Nf4 33. Kh2 b5 34. axb5 axb5 35. Ng5 Kd5 36. Nf3 Re2 37. Ng1 Re4 38. Nh3 b4 39. Nxf4+ Rxf4 40. Kh3 Rf6 41. Rb3 Kc4 42. Re3 Re6 43. g4 b3 44. h5 gxh5 45. gxh5 b2 46. Re1 Kc3 47. Kg4 Kc2 48. Re2+ Kc1 49. Re1+ Kd2 50. Rh1 e4 51. Kf5 Re8 52. h6 e3 53. Rb1 Kc2 0-1

[Event "GER Cup"]
[Site "Wiesbaden/Niedernhausen"]
[Date "2015.06.04"]
[Round "1.13"]
[White "Daemmig, Matthias"]
[Black "Metz, Hartmut"]
[Result "1/2-1/2"]
[WhiteElo "2133"]
[BlackElo "2312"]
[PlyCount "189"]
[EventDate "2015.06.04"]
[EventType "k.o."]
[EventRounds "5"]
[EventCountry "GER"]
[SourceTitle "EXT 2017"]
[Source "ChessBase"]
[SourceDate "2016.10.25"]
[SourceVersion "1"]
[SourceVersionDate "2016.10.25"]
[SourceQuality "1"]

1. e4 c6 2. d4 d5 3. e5 Bf5 4. Bd3 Bxd3 5. Qxd3 e6 6. Nc3 Ne7 7. Nge2 Nd7 8. 0-0 h5 9. Bg5 Qb6 10. b4 Nf5 11. a3 Qc7 12. Na4 Nb6 13. Nxb6 axb6 14. c4 dxc4 15. Qxc4 b5 16. Qb3 Be7 17. Bxe7 Qxe7 18. a4 bxa4 19. Rxa4 0-0 20. Rfa1 Rxa4 21. Rxa4 Qd7 22. b5 cxb5 23. Rb4 Ra8 24. h3 h4 25. Qb2 Ra5 26. Kh2 Ne7 27. Nc3 Nc6 28. Rxb5 Qxd4 29. Rxb7 Qxe5+ 30. Kg1 Qe1+ 31. Kh2 Qe5+ 32. Kg1 Qe1+ 33. Kh2 Rf5 34. f3 Qg3+ 35. Kh1 Qe1+ 36. Kh2 Rc5 37. Rb3 Qe5+ 38. Kh1 Qe1+ 39. Kh2 Qe5+ 40. Kh1 Ne7 41. Qd2 Nf5 42. Ra3 Ng3+ 43. Kg1 Rc8 44. Nd1 Nf5 45. Rd3 Qc5+ 46. Qf2 Qxf2+ 47. Nxf2 Rc1+ 48. Rd1 Rc2 49. Re1 Kf8 50. Nd1 Ng3 51. Ne3 Ra2 52. Rb1 g5 53. Rd1 Kg7 54. Kh2 Kg6 55. Nf1 Nf5 56. Rd2 Ra1 57. Rf2 e5 58. g3 Re1 59. gxh4 Nxh4 60. Nd2 Rc1 61. Kg3 f5 62. Re2 Kf6 63. Kh2 Rd1 64. Kg3 Rh1 65. Nc4 Ng6 66. Ra2 Nf4 67. Ra6+ Kg7 68. Nxe5 Rxh3+ 69. Kf2 Rh2+ 70. Kf1 Rc2 71. Rd6 Ra2 72. Rb6 Ra5 73. Nc4 Ra1+ 74. Kf2 Ra2+ 75. Kg1 Nh3+ 76. Kh1 Rf2 77. Ne5 Re2 78. Nc4 Nf2+ 79. Kg1 Nh3+ 80. Kh1 Nf2+ 81. Kg1 Nd1 82. Rd6 Nc3 83. Kf1 Re7 84. Kf2 Re2+ 85. Kf1 Re7 86. Kf2 g4 87. Rd3 Nb5 88. fxg4 fxg4 89. Nd6 Nxd6 90. Rxd6 Re4 91. Kg3 Kf7 92. Ra6 Ke7 93. Rb6 Re6 94. Rxe6+ Kxe6 95. Kxg4 1/2-1/2

[Event "Daehne Cup Niedersachsen"]
[Site "Lehrte"]
[Date "2014.09.14"]
[Round "3"]
[White "Daemmig, Matthias"]
[Black "Ritter, Uwe"]
[Result "1-0"]
[WhiteElo "2030"]
[BlackElo "1919"]
[PlyCount "105"]
[EventDate "2014.09.13"]
[EventType "k.o."]
[EventRounds "3"]
[EventCountry "GER"]
[SourceTitle "EXT 2021"]
[Source "ChessBase"]
[SourceDate "2020.10.23"]
[SourceVersion "1"]
[SourceVersionDate "2020.10.23"]
[SourceQuality "1"]

1. e4 e5 2. Bc4 Nc6 3. Nf3 Bc5 4. 0-0 Nf6 5. d4 exd4 6. e5 d5 7. exf6 dxc4 8. fxg7 Rg8 9. Bg5 Be7 10. Bxe7 Kxe7 11. Nbd2 Be6 12. Ng5 Rxg7 13. Nxe6 fxe6 14. Qh5 Qd5 15. Qxd5 exd5 16. Nf3 Rf8 17. Rfe1+ Kd6 18. Kf1 Rfg8 19. Nh4 Rf8 20. Nf3 Kc5 21. a3 Rgf7 22. Rad1 a5 23. Rd2 b5 24. Ng5 c3 25. Rde2 Nd8 26. Nxf7 Rxf7 27. b3 Nc6 28. Rd1 Rf5 29. g3 Ne5 30. f4 Ng4 31. Rd3 a4 32. bxa4 bxa4 33. Kg2 Rf8 34. Kf3 Nf6 35. g4 Rb8 36. f5 Rb1 37. g5 Ne4 38. g6 Rf1+ 39. Kg4 hxg6 40. fxg6 Rf2 41. Rxf2 Nxf2+ 42. Kg3 Nxd3 43. g7 Ne1 44. g8Q Nxc2 45. Qh7 Nxa3 46. Qe7+ Kc4 47. Qxa3 Kd3 48. Kf2 Kd2 49. Qxa4 d3 50. Qa2+ c2 51. Qa5+ Kc1 52. Ke1 Kb2 53. Kd2 1-0

[Event "Daehne Cup Hannover"]
[Site "Langenhagen"]
[Date "2014.08.24"]
[Round "2"]
[White "Daemmig, Matthias"]
[Black "Eckert, Lutz"]
[Result "1-0"]
[WhiteElo "2014"]
[BlackElo "1566"]
[PlyCount "51"]
[EventDate "2014.08.23"]
[EventType "k.o."]
[EventRounds "3"]
[EventCountry "GER"]
[SourceTitle "EXT 2021"]
[Source "ChessBase"]
[SourceDate "2020.10.23"]
[SourceVersion "1"]
[SourceVersionDate "2020.10.23"]
[SourceQuality "1"]

1. e4 e5 2. Bc4 Nf6 3. d4 exd4 4. Nf3 Bb4+ 5. c3 dxc3 6. bxc3 Be7 7. e5 Ng4 8. Qd5 0-0 9. h3 Nh6 10. Bxh6 gxh6 11. Qe4 d6 12. Bd3 f5 13. exf6 Rf7 14. Bc4 Bxf6 15. Bxf7+ Kxf7 16. Qxh7+ Kf8 17. Qxh6+ Kg8 18. Qg6+ Kf8 19. 0-0 Nc6 20. Nbd2 Ne5 21. Nxe5 Bxe5 22. Ne4 Bd7 23. Ng5 Be8 24. Qh6+ Kg8 25. Qh7+ Kf8 26. Ne6# 1-0

[Event "Daehne Cup Hannover"]
[Site "Langenhagen"]
[Date "2014.08.23"]
[Round "1"]
[White "Stoy, Ulf"]
[Black "Daemmig, Matthias"]
[Result "0-1"]
[WhiteElo "1957"]
[BlackElo "2014"]
[PlyCount "156"]
[EventDate "2014.08.23"]
[EventType "k.o."]
[EventRounds "3"]
[EventCountry "GER"]
[SourceTitle "EXT 2021"]
[Source "ChessBase"]
[SourceDate "2020.10.23"]
[SourceVersion "1"]
[SourceVersionDate "2020.10.23"]
[SourceQuality "1"]

1. c4 Nf6 2. Nc3 g6 3. g3 Bg7 4. Bg2 0-0 5. Nf3 d6 6. 0-0 Nc6 7. d4 e5 8. h3 Bf5 9. d5 Nd4 10. e4 Nxe4 11. Nxd4 Nxc3 12. bxc3 exd4 13. cxd4 Re8 14. g4 Be4 15. f3 Bc2 16. Qd2 Qe7 17. Bb2 Qe2 18. Rf2 Qxd2 19. Rxd2 Ba4 20. Rf1 Re3 21. f4 Rae8 22. Kf2 h5 23. Bf3 h4 24. Rc1 Bh6 25. g5 Bf8 26. Rc3 Rxc3 27. Bxc3 Bd7 28. Bg2 f6 29. Re2 Rxe2+ 30. Kxe2 fxg5 31. fxg5 Be7 32. Bd2 Kf7 33. Bf4 Bf5 34. Kd2 Ke8 35. Kc3 Kd7 36. Kb4 Bd3 37. Kc3 Bf5 38. Kb4 c6 39. dxc6+ bxc6 40. d5 cxd5 41. cxd5 Bf8 42. Be3 a6 43. Ka5 Bg7 44. Kxa6 Bb1 45. a4 Kc7 46. Bb6+ Kb8 47. Bf2 Bc2 48. Kb5 Be5 49. Be3 Kb7 50. a5 Bd3+ 51. Kb4 Bg3 52. Kc3 Bf5 53. Bb6 Be1+ 54. Kb3 Bd2 55. Bd8 Bd3 56. Bf3 Ka6 57. Bc7 Bxa5 58. Bxd6 Kb5 59. Be7 Bc4+ 60. Kc2 Bf1 61. Bg4 Kc4 62. Be6 Bd3+ 63. Kb2 Bc3+ 64. Ka2 Kb5 65. Bf6 Bc4+ 66. Kb1 Kb4 67. Bxc3+ Kxc3 68. Kc1 Kd4 69. Kd2 Bxd5 70. Bxd5 Kxd5 71. Ke3 Ke5 72. Kf3 Kf5 73. Ke3 Kxg5 74. Ke4 Kf6 75. Kf4 g5+ 76. Kg4 Kg6 77. Kf3 Kf5 78. Kg2 Kf4 0-1